<?xml version="1.0" encoding="UTF-8"?>
<collection xmlns="http://www.loc.gov/MARC21/slim">
 <record>
  <leader>00694cam a2200205 7i4500</leader>
  <controlfield tag="001">0000011217</controlfield>
  <controlfield tag="005">20151013090000.0</controlfield>
  <controlfield tag="008">960429s1997    nyua          001 0 eng</controlfield>
  <datafield tag="010" ind1="#" ind2="#">
   <subfield code="a">96022583</subfield>
  </datafield>
  <datafield tag="020" ind1="0" ind2="0">
   <subfield code="a">0471146498 (cloth : acid-free paper) </subfield>
  </datafield>
  <datafield tag="090" ind1="0" ind2="0">
   <subfield code="a">QD 251.2 </subfield>
   <subfield code="b">.S66 1997</subfield>
  </datafield>
  <datafield tag="100" ind1="0" ind2="1">
   <subfield code="a">Solomons, T. W. Graham </subfield>
  </datafield>
  <datafield tag="245" ind1="0" ind2="1">
   <subfield code="a">Fundamentals of organic chemistry  </subfield>
   <subfield code="c">T.W. Graham Solomons..</subfield>
  </datafield>
  <datafield tag="250" ind1="0" ind2="0">
   <subfield code="a">5th ed..</subfield>
  </datafield>
  <datafield tag="260" ind1="0" ind2="0">
   <subfield code="a">New York: </subfield>
   <subfield code="b">Wiley, </subfield>
   <subfield code="c">c1997..</subfield>
  </datafield>
  <datafield tag="300" ind1="#" ind2="#">
   <subfield code="a">1 v. (various pagings): </subfield>
   <subfield code="b">ill. (some col.); </subfield>
   <subfield code="c">27 cm..</subfield>
  </datafield>
  <datafield tag="500" ind1="0" ind2="0">
   <subfield code="a">Includes index.</subfield>
  </datafield>
  <datafield tag="650" ind1="0" ind2="0">
   <subfield code="a">Chemistry, Organic. </subfield>
  </datafield>
  <datafield tag="999" ind1=" " ind2=" ">
   <subfield code="a">1000384331</subfield>
   <subfield code="b">Book</subfield>
   <subfield code="c">Open Shelf</subfield>
   <subfield code="e">KOLEKSI TERBUKA</subfield>
  </datafield>
  <datafield tag="999" ind1=" " ind2=" ">
   <subfield code="a">1000398753</subfield>
   <subfield code="b">Book</subfield>
   <subfield code="c">Open Shelf</subfield>
   <subfield code="e">KOLEKSI TERBUKA</subfield>
  </datafield>
 </record>
</collection>
